• 首页
  • 本馆介绍
  • 公告通知
  • 最新文献
  • 馆藏检索
  • 电子资源
  • 读者导购
  • 参考咨询
  • 我的图书馆
  • 登录
  • 详细信息显示
  • 放入我的书架
  • 预约/预借图书
  • 作者相关作品
  • 分类相关作品
  • 丛书相关作品
  • 出版社相关作品

书目信息

  • 表格格式
  • 工作单格式
  • 卡片格式
题名:
莫斯科中山大学《国际评论》
    
 
作者: ;中央档案馆党史资料研究室 整理校注
分册:  
出版信息: 北京   中共中央党校出版社  1981
页数: 606页
开本: 21cm
丛书名: 中共党史资料丛书
单 册:
中图分类: D239 , K151
科图分类:
主题词: 史料--世界--1926~1927--史料 , 中国共产党
电子资源:
ISBN:
000 00891nam2 2200277 45
001 0181009739
005 20070802091659.42
010    @dCNY1.60
091    @a3230.6
100    @a19950605d1981 emky0chiy0121 ea
101 1  @achi@crus
102    @aCN@b110000
105    @ay z 000yy
200 10 @a莫斯科中山大学《国际评论》@Amo si ke zhong shan da xue《 guo ji ping lun》@e一九二六年-一九二七年@f中央档案馆党史资料研究室整理、校注
210    @a北京@c中共中央党校出版社@d1981
215    @a606页@d21cm
225 2  @a中共党史资料丛书
410  0 @120010@a中共党史资料丛书
606    @a史料@y世界@z1926~1927@x史料
606 0  @a中国共产党
690    @aD239
690    @aK151@v3
711 02 @a中央档案馆党史资料研究室@Azhong yang dang an guan dang shi zi liao yan jiu shi@4整理校注
801  2 @aCN@bNLC@c20070802
801  0 @aCN@b上海图书馆@c20060812
905    @f1@b77707@dD239@e30
    
    莫斯科中山大学《国际评论》:一九二六年-一九二七年/中央档案馆党史资料研究室整理、校注.-北京:中共中央党校出版社,1981
    606页;21cm.-(中共党史资料丛书)
    
    
    ISBN :CNY1.60
    
●
相关链接 在E读中查询图书 在五车中查询图书 在当当中查询图书 在豆瓣中查询图书


正题名:莫斯科中山大学《国际评论》     索取号:D239/30         预约/预借

序号 登录号 条形码 馆藏地/架位号 状态 备注
1 0077707   000377504   第一样本阅览室/ [索取号:D239/30] 在馆    
2 0077708   001664407   密集书库/ [索取号:D239/30] 在馆    
3 0077709   001664443   密集书库/ [索取号:D239/30] 在馆    
4 0077711   001664489   密集书库/ [索取号:D239/30] 在馆    
5 0440675   204406758   密集书库/ [索取号:D239/30] 在馆    
6 0449107   204491077   密集书库/ [索取号:D239/30] 在馆    
7 0790515   207905150   密集书库/ [索取号:D239/30] 在馆    
唐山师范学院图书馆 欢迎您!
大连网信软件有限公司© 版权所有